[Event "ONJK 2018 C"]
[Site "Borne, Netherlands"]
[Date "2018.08.09"]
[Round "6.15"]
[White "Westerhof, Jannes"]
[Black "Schoonhoven, Mark"]
[Result "1/2-1/2"]
[WhiteElo "1737"]
[BlackElo "1284"]
[PlyCount "77"]
[EventDate "2018.??.??"]

1. e4 c5 2. Nf3 Nc6 3. d4 cxd4 4. Nxd4 Nf6 5. Nc3 a6 6. Nf3 e6 7. Bc4 Be7 8.
O-O b5 9. Bb3 Bb7 10. Re1 O-O 11. Bf4 h6 12. a3 Bc5 13. h3 Qb6 14. Qd2 d5 15.
exd5 exd5 16. Rad1 Rad8 17. Rf1 Ne4 18. Qe2 Nxc3 19. bxc3 Rfe8 20. Qd2 Bxa3 21.
Bxh6 gxh6 22. Qxh6 Bf8 23. Qg5+ Bg7 24. Bxd5 Ne5 25. Nxe5 Rxe5 26. Bxf7+ Kxf7
27. Qxd8 Qxd8 28. Rxd8 Kg6 29. Rfd1 Re6 30. R8d6 Rxd6 31. Rxd6+ Kh7 32. Rb6 Bc8
33. Rc6 Bb7 34. Rc7 Be4 35. c4 b4 36. Ra7 Bxc2 37. Rxa6 b3 38. Rb6 b2 39. Rxb2
1/2-1/2

[Event "ONJK 2018 C"]
[Site "Borne, Netherlands"]
[Date "2018.08.09"]
[Round "6.16"]
[White "De Keukelaere, Wouter"]
[Black "De Jong, Mats"]
[Result "0-1"]
[WhiteElo "1249"]
[BlackElo "1600"]
[PlyCount "34"]
[EventDate "2018.??.??"]

1. e4 e5 2. Nf3 Nc6 3. Bc4 Bc5 4. Nc3 d6 5. h3 Nf6 6. d3 Be6 7. Bb3 d5 8. O-O
dxe4 9. dxe4 Bxb3 10. axb3 O-O 11. Bg5 h6 12. Bh4 Be7 13. Re1 a6 14. Re2 Qxd1+
15. Rxd1 Rfd8 16. Red2 Kf8 17. Nd5 Nxd5 0-1

[Event "ONJK 2018 C"]
[Site "Borne, Netherlands"]
[Date "2018.08.09"]
[Round "6.17"]
[White "De Heij, Mees"]
[Black "Weidemann, Jakob"]
[Result "1/2-1/2"]
[WhiteElo "1516"]
[BlackElo "1212"]
[PlyCount "76"]
[EventDate "2018.??.??"]

1. d4 Nf6 2. c4 g6 3. Nc3 d5 4. cxd5 Nxd5 5. e4 Nxc3 6. bxc3 Bg7 7. Nf3 c5 8.
Bb2 O-O 9. Be2 Bg4 10. O-O Nc6 11. d5 Bxf3 12. Bxf3 Ne5 13. Be2 a6 14. Qb3 b5
15. f4 c4 16. Qc2 Nd7 17. Kh1 Nc5 18. Ba3 Na4 19. e5 Qxd5 20. Bf3 Qd3 21. Qxd3
cxd3 22. Bxa8 Rxa8 23. Rad1 Nxc3 24. Rxd3 Nxa2 25. Ra1 b4 26. Rxa2 bxa3 27.
Rdxa3 Rc8 28. g3 Rc6 29. Rxa6 Rxa6 30. Rxa6 e6 31. Kg2 h5 32. Kh3 Bh6 33. Kh4
Kg7 34. g4 Bxf4 35. gxh5 gxh5 36. Kxh5 Bxe5 37. h4 Kh7 38. Kg5 Kg7 1/2-1/2

[Event "ONJK 2018 C"]
[Site "Borne, Netherlands"]
[Date "2018.08.09"]
[Round "6.18"]
[White "Maes, Zayd"]
[Black "Bogouslavskii, Veronique"]
[Result "0-1"]
[WhiteElo "1379"]
[BlackElo "1105"]
[PlyCount "60"]
[EventDate "2018.??.??"]

1. Nf3 d5 2. c4 c6 3. d4 e6 4. e3 Nf6 5. Nc3 Bd6 6. Bd3 Nbd7 7. c5 Bc7 8. a3
O-O 9. b4 Re8 10. Qc2 e5 11. dxe5 Nxe5 12. Nxe5 Bxe5 13. Bb2 h6 14. O-O-O b6
15. cxb6 axb6 16. h3 Re7 17. f4 Bd6 18. Rde1 Qe8 19. Nd1 Bxf4 20. Bxf6 gxf6 21.
Qf2 Be5 22. Qh4 Qf8 23. Nf2 Qg7 24. Ng4 Kf8 25. Qxh6 Qxh6 26. Nxh6 Rxa3 27. Bf5
Bxf5 28. Nxf5 Rea7 29. Kd1 Ra2 30. h4 Rb2 0-1

[Event "ONJK 2018 C"]
[Site "Borne, Netherlands"]
[Date "2018.08.09"]
[Round "6.19"]
[White "Decruyenaere, Victor"]
[Black "Van Lindt, Raffael"]
[Result "1-0"]
[WhiteElo "1356"]
[BlackElo "1182"]
[PlyCount "68"]
[EventDate "2018.??.??"]

1. d4 e6 2. c4 d5 3. Nc3 Nf6 4. Bg5 Nbd7 5. cxd5 exd5 6. Nf3 Be7 7. e3 O-O 8.
Bd3 Re8 9. O-O b6 10. Rc1 Bb7 11. Nb5 c6 12. Nc3 c5 13. Bf4 cxd4 14. Nxd4 Rc8
15. Ncb5 Rxc1 16. Qxc1 a6 17. Nc7 Rf8 18. Nc6 Bxc6 19. Qxc6 Qc8 20. Bxa6 Nb8
21. Qxb6 Nxa6 22. Nxa6 Bd8 23. Qb5 Re8 24. Nb4 Qe6 25. Rd1 Re7 26. Nxd5 Nxd5
27. Qxd5 Qxd5 28. Rxd5 Bb6 29. Kf1 h6 30. Ke2 Ra7 31. a3 Rb7 32. Rb5 Kf8 33.
Bd6+ Ke8 34. Bc5 Kd8 1-0

[Event "ONJK 2018 C"]
[Site "Borne, Netherlands"]
[Date "2018.08.09"]
[Round "6.20"]
[White "Kretschmer, Sven"]
[Black "Joosse, Zofyra"]
[Result "1-0"]
[WhiteElo "1340"]
[BlackElo "1204"]
[PlyCount "78"]
[EventDate "2018.??.??"]

1. e4 e5 2. Nf3 Nc6 3. Bc4 Bc5 4. d3 h6 5. Nc3 d6 6. h3 Nf6 7. Be3 Bb6 8. O-O
Be6 9. Bb3 O-O 10. d4 exd4 11. Nxd4 Bxd4 12. Bxd4 Nxd4 13. Qxd4 c5 14. Qd3 a6
15. Rad1 Ne8 16. e5 b5 17. Bxe6 fxe6 18. exd6 Nf6 19. Qe3 Qc8 20. d7 Qc6 21.
Rfe1 Kf7 22. Ne4 Nxe4 23. Qxe4 Qb6 24. Re3 Ke7 25. Rde1 Rf6 26. Qg4 Rg8 27.
d8=Q+ Qxd8 28. Rxe6+ Kf7 29. Qh5+ g6 30. Rxf6+ Qxf6 31. Qxc5 h5 32. Qe5 Qxe5
33. Rxe5 Rd8 34. Rc5 Rd1+ 35. Kh2 Rd2 36. f3 Ke6 37. Rc6+ Rd6 38. Rxd6+ Kxd6
39. Kg3 Kd5 1-0

[Event "ONJK 2018 C"]
[Site "Borne, Netherlands"]
[Date "2018.08.10"]
[Round "7.1"]
[White "Slagboom, Leandro"]
[Black "Mainka, Alwin"]
[Result "0-1"]
[WhiteElo "1632"]
[BlackElo "1631"]
[PlyCount "92"]
[EventDate "2018.??.??"]

1. Nf3 Nf6 2. c4 g6 3. Nc3 Bg7 4. e4 d6 5. d4 O-O 6. Be2 e5 7. O-O Nbd7 8. d5
Ne8 9. Be3 f5 10. Ng5 Ndf6 11. f3 f4 12. Bf2 Qe7 13. b4 h6 14. Nh3 Nh7 15. c5
g5 16. cxd6 cxd6 17. Rc1 h5 18. Nb5 Rf6 19. Nxa7 Bd7 20. Nb5 Rg6 21. Be1 g4 22.
Nf2 gxf3 23. Bxf3 Bxb5 24. Be2 f3 25. Bxb5 fxg2 26. Qxh5 gxf1=Q+ 27. Kxf1 Qg5
28. Qxg5 Nxg5 29. Bxe8 Rxe8 30. Rc7 Rb8 31. a4 Nf3 32. Bc3 Nxh2+ 33. Ke2 Ng4
34. a5 Nxf2 35. Kxf2 Rg4 36. Rc4 Rf4+ 37. Ke2 Rh4 38. b5 Rh7 39. Bb4 Bf8 40.
Kf3 Rf7+ 41. Kg4 Kh8 42. Kg5 Be7+ 43. Kg6 Rf6+ 44. Kh5 Rg8 45. Rc7 Rf1 46. Rxe7
Rh1# 0-1

[Event "ONJK 2018 C"]
[Site "Borne, Netherlands"]
[Date "2018.08.10"]
[Round "7.2"]
[White "De Vries, Fabian"]
[Black "Rogge, Parcival"]
[Result "1-0"]
[WhiteElo "1600"]
[BlackElo "1728"]
[PlyCount "55"]
[EventDate "2018.??.??"]

1. Nf3 Nf6 2. g3 g6 3. Bg2 Bg7 4. O-O O-O 5. d4 d6 6. c4 Nbd7 7. Nc3 c6 8. e4
Qc7 9. Qc2 e5 10. d5 Ne8 11. b4 f5 12. Qb3 Kh8 13. Ba3 Rb8 14. c5 a6 15. Rfd1
Rf6 16. Rac1 h6 17. dxc6 bxc6 18. cxd6 Nxd6 19. Nd5 Qd8 20. Nxf6 Qxf6 21. Rxc6
Bf8 22. b5 Rxb5 23. Qc2 Bb7 24. Rcxd6 Bxd6 25. Rxd6 Bxe4 26. Qc8+ Qf8 27. Qxf8+
Nxf8 28. h4 1-0

[Event "ONJK 2018 C"]
[Site "Borne, Netherlands"]
[Date "2018.08.10"]
[Round "7.3"]
[White "Albers, Sasa"]
[Black "De Putter, Nina"]
[Result "1/2-1/2"]
[WhiteElo "1713"]
[BlackElo "1621"]
[PlyCount "49"]
[EventDate "2018.??.??"]

1. e4 d5 2. exd5 Nf6 3. Nf3 Nxd5 4. d4 g6 5. c3 Bg7 6. Be2 O-O 7. O-O Nc6 8.
Nbd2 e5 9. dxe5 Nxe5 10. Nxe5 Bxe5 11. Nf3 Bg7 12. Qb3 c6 13. Bg5 Qb6 14. Bc4
Qxb3 15. Bxb3 h6 16. Bxd5 cxd5 17. Be3 Bg4 18. Nd4 g5 19. f3 Bh5 20. Nf5 Rfd8
21. Nxg7 Kxg7 22. Bd4+ Kh7 23. Rfe1 Re8 24. Kf2 a5 25. Rxe8 1/2-1/2

[Event "ONJK 2018 C"]
[Site "Borne, Netherlands"]
[Date "2018.08.10"]
[Round "7.4"]
[White "Baselmans, Daan"]
[Black "Goudriaan, Rafael"]
[Result "0-1"]
[WhiteElo "1630"]
[BlackElo "1656"]
[PlyCount "78"]
[EventDate "2018.??.??"]

1. e4 e6 2. d4 d5 3. exd5 exd5 4. Bd3 Nf6 5. Bf4 c5 6. c3 Nc6 7. Ne2 Qb6 8. Qb3
c4 9. Qxb6 axb6 10. Bc2 Be6 11. Ng3 g6 12. Nd2 Bg7 13. Bd6 Kd7 14. Bf4 Rhe8 15.
O-O b5 16. a3 Ra6 17. Nf3 h5 18. Ne5+ Nxe5 19. Bxe5 h4 20. Ne2 Nh5 21. Bxg7
Nxg7 22. Nf4 g5 23. Nxe6 Raxe6 24. a4 Re2 25. Rac1 Ra8 26. axb5 Ra2 27. Rfe1
Rxe1+ 28. Rxe1 Rxb2 29. Bd1 Kd6 30. g3 hxg3 31. hxg3 Rxb5 32. Bg4 f6 33. Re3 f5
34. Bf3 Ne6 35. Re5 g4 36. Bg2 f4 37. f3 fxg3 38. fxg4 Rb1+ 39. Bf1 Nf4 0-1

[Event "ONJK 2018 C"]
[Site "Borne, Netherlands"]
[Date "2018.08.10"]
[Round "7.5"]
[White "Bleeker, Kasper"]
[Black "De Zoeten, Cato"]
[Result "0-1"]
[WhiteElo "1897"]
[BlackElo "1472"]
[PlyCount "118"]
[EventDate "2018.??.??"]

1. e4 c5 2. Nf3 g6 3. d4 cxd4 4. c3 Bg7 5. cxd4 d5 6. exd5 Nf6 7. Bb5+ Bd7 8.
Bc4 b5 9. Bd3 O-O 10. O-O Nxd5 11. Qb3 Nc7 12. Bf4 a6 13. Nbd2 Be6 14. Bxc7
Qxc7 15. d5 Bc8 16. Rac1 Qb6 17. Rfe1 Nd7 18. Qb4 Nf6 19. Be4 Nxe4 20. Nxe4 Bb7
21. Qxe7 Bxd5 22. Nc5 Qd8 23. Qe3 Qb6 24. Qf4 Rfd8 25. Ng5 Qf6 26. Qe3 h6 27.
Nge4 Qd4 28. Qf4 Qe5 29. Qh4 Qxb2 30. Rcd1 g5 31. Nxg5 hxg5 32. Qxg5 f6 33. Qg4
Bf7 34. Nd7 Kh7 35. Re7 Bg6 36. Qh4+ Kg8 37. Qg4 Kh7 38. Qh3+ Kg8 39. Qe6+ Kh8
40. h4 Re8 41. Rxe8+ Rxe8 42. Qg4 Qe2 43. Qd4 Qe4 44. h5 Qxd4 45. Rxd4 Bh7 46.
Nc5 Re1+ 47. Kh2 Re5 48. Nxa6 Rxh5+ 49. Kg3 f5 50. Rd5 f4+ 51. Kxf4 Rxd5 52.
Nc7 Bh6+ 53. Kg4 Rc5 54. Na6 Rc6 55. Nb8 Rd6 56. f4 Bg7 57. f5 Bd4 58. Kf4 Ba7
59. Ke5 Bxb8 0-1

[Event "ONJK 2018 C"]
[Site "Borne, Netherlands"]
[Date "2018.08.10"]
[Round "7.6"]
[White "Yannopapas, Leontios"]
[Black "De Rycke, Tyani"]
[Result "0-1"]
[WhiteElo "1276"]
[BlackElo "1766"]
[PlyCount "56"]
[EventDate "2018.??.??"]

1. c4 e5 2. g3 Nc6 3. Bg2 g6 4. Nc3 Bg7 5. e3 d6 6. Nge2 Nge7 7. O-O O-O 8. d4
exd4 9. Nxd4 Nxd4 10. exd4 Nf5 11. Ne2 Re8 12. Qd3 Qe7 13. Nc3 Nxd4 14. Nd5 Qd8
15. Be3 Bf5 16. Qd1 Nc2 17. Rc1 Nxe3 18. Nxe3 Bxb2 19. Bxb7 Rb8 20. Bc6 Re5 21.
Nxf5 Bxc1 22. Nh6+ Bxh6 23. Bd5 Qd7 24. f4 Re7 25. Bg2 Bg7 26. Rf2 Qf5 27. Rf1
Rb2 28. Kh1 Ree2 0-1

[Event "ONJK 2018 C"]
[Site "Borne, Netherlands"]
[Date "2018.08.10"]
[Round "7.7"]
[White "Labruyere, Roger"]
[Black "Tiggelman, Vincent"]
[Result "1-0"]
[WhiteElo "1733"]
[BlackElo "1376"]
[PlyCount "47"]
[EventDate "2018.??.??"]

1. e4 c6 2. Nc3 d5 3. Nf3 Bg4 4. h3 Bxf3 5. Qxf3 e6 6. d3 dxe4 7. dxe4 Nd7 8.
Bd2 Bd6 9. O-O-O Ngf6 10. g4 Ne5 11. Qe2 Ned7 12. g5 Ng8 13. f4 Ne7 14. h4 b5
15. Bh3 b4 16. Nb1 a5 17. Be3 Bc7 18. Qf2 a4 19. f5 b3 20. cxb3 axb3 21. a3 Ra4
22. Nc3 Rc4 23. fxe6 Be5 24. Qxf7# 1-0

[Event "ONJK 2018 C"]
[Site "Borne, Netherlands"]
[Date "2018.08.10"]
[Round "7.8"]
[White "Van Kuijk, Vadim"]
[Black "DHaenens, Leon"]
[Result "0-1"]
[WhiteElo "1545"]
[BlackElo "1565"]
[PlyCount "43"]
[EventDate "2018.??.??"]

1. d4 d5 2. Nf3 Nf6 3. Bf4 c5 4. e3 Nc6 5. c3 Bf5 6. Be2 e6 7. O-O h6 8. Bd3
Bxd3 9. Qxd3 Qb6 10. Nbd2 Be7 11. Kh1 Nh5 12. Bg3 Nxg3+ 13. fxg3 O-O 14. Qc2
Rac8 15. g4 cxd4 16. exd4 Nxd4 17. Nxd4 Qxd4 18. Qd1 Qb6 19. Rb1 Qc7 20. Nf3 b6
21. h4 Qg3 22. Ng1 0-1

[Event "ONJK 2018 C"]
[Site "Borne, Netherlands"]
[Date "2018.08.10"]
[Round "7.9"]
[White "Beukema, Constantijn"]
[Black "Decruyenaere, Victor"]
[Result "1-0"]
[WhiteElo "1758"]
[BlackElo "1356"]
[PlyCount "47"]
[EventDate "2018.??.??"]

1. e4 c5 2. Nf3 e6 3. Bc4 d6 4. O-O Nf6 5. Nc3 a6 6. d3 Nbd7 7. Re1 b5 8. Bb3
Bb7 9. Bg5 Be7 10. a3 O-O 11. d4 cxd4 12. Nxd4 Nc5 13. e5 Nfe4 14. Nxe4 Nxe4
15. Bxe7 Qxe7 16. exd6 Nxd6 17. Nxe6 Rfe8 18. Nc5 Qxe1+ 19. Qxe1 Rxe1+ 20. Rxe1
Ra7 21. Re7 Kf8 22. Rd7 Nc4 23. Rxb7 Rxb7 24. Nxb7 1-0

[Event "ONJK 2018 C"]
[Site "Borne, Netherlands"]
[Date "2018.08.10"]
[Round "7.10"]
[White "De Jong, Mats"]
[Black "Kretschmer, Sven"]
[Result "1-0"]
[WhiteElo "1600"]
[BlackElo "1340"]
[PlyCount "81"]
[EventDate "2018.??.??"]

1. d4 d5 2. c4 e6 3. Nc3 Nf6 4. Bg5 Be7 5. Nf3 Nc6 6. e3 O-O 7. cxd5 exd5 8.
Bd3 Bg4 9. h3 Bh5 10. O-O Re8 11. Rc1 Qd7 12. Be2 Ne4 13. Bxe7 Rxe7 14. Nd2
Bxe2 15. Nxe2 Nxd2 16. Qxd2 h6 17. Nf4 Rd8 18. Rc5 Qf5 19. Rfc1 a6 20. b4 Rd6
21. a4 Qd7 22. b5 axb5 23. axb5 Nd8 24. Qb4 c6 25. bxc6 bxc6 26. Nd3 f6 27. Ra5
Ne6 28. Nc5 Nxc5 29. Rcxc5 Qb7 30. Qxb7 Rxb7 31. Ra6 Rb1+ 32. Kh2 Rb2 33. Kg3
Rb7 34. Rcxc6 Rxc6 35. Rxc6 Rd7 36. Kf4 Kf7 37. Kf5 Rd8 38. Rc7+ Kf8 39. Ke6
Rb8 40. Kxd5 Rb2 41. Ke6 1-0

[Event "ONJK 2018 C"]
[Site "Borne, Netherlands"]
[Date "2018.08.10"]
[Round "7.12"]
[White "Verheij, Dana"]
[Black "Wiggers, Yannick"]
[Result "1-0"]
[WhiteElo "1479"]
[BlackElo "1316"]
[PlyCount "36"]
[EventDate "2018.??.??"]

1. e4 c5 2. Nf3 Nc6 3. c3 e6 4. d4 cxd4 5. cxd4 d5 6. exd5 exd5 7. Bd3 Qb6 8.
O-O g6 9. Nc3 Nge7 10. Re1 Be6 11. Na4 Qc7 12. Nc5 Bg4 13. h3 Bxf3 14. Qxf3 Bg7
15. Bf4 Qc8 16. Bd6 Qd8 17. Bxe7 Nxe7 18. Bb5+ Kf8 1-0

[Event "ONJK 2018 C"]
[Site "Borne, Netherlands"]
[Date "2018.08.10"]
[Round "7.13"]
[White "Naessens, Wolf"]
[Black "Bogouslavskii, Veronique"]
[Result "0-1"]
[WhiteElo "1456"]
[BlackElo "1105"]
[PlyCount "68"]
[EventDate "2018.??.??"]

1. e4 e5 2. Nf3 Nc6 3. Bc4 Be7 4. d3 d6 5. Nc3 Nf6 6. Be3 Na5 7. Bb3 Nxb3 8.
axb3 b6 9. h3 O-O 10. Qd2 Bb7 11. O-O-O a5 12. g4 c6 13. Bg5 b5 14. Bxf6 Bxf6
15. d4 exd4 16. Nxd4 a4 17. bxa4 bxa4 18. Nf5 a3 19. bxa3 Rxa3 20. Nb1 Qb6 21.
Qe1 Qxb1+ 22. Kd2 Qb4+ 23. Ke2 Ba6+ 24. Rd3 Bxd3+ 25. cxd3 Qxe1+ 26. Rxe1 Ra1
27. Rxa1 Bxa1 28. Ne7+ Kh8 29. Nxc6 Rc8 30. Na5 Bd4 31. Nc4 Bc5 32. f4 Re8 33.
Kf3 f6 34. f5 Rd8 0-1

[Event "ONJK 2018 C"]
[Site "Borne, Netherlands"]
[Date "2018.08.10"]
[Round "7.14"]
[White "Hatzmann, Mirthe"]
[Black "Visser, Barto"]
[Result "1-0"]
[WhiteElo "1378"]
[BlackElo "1054"]
[PlyCount "75"]
[EventDate "2018.??.??"]

1. e4 c5 2. Nc3 Nc6 3. g3 Nf6 4. Bg2 d6 5. Nf3 Bg4 6. h3 Bh5 7. d3 g6 8. Be3 e6
9. g4 Nxg4 10. hxg4 Bxg4 11. Qd2 d5 12. exd5 exd5 13. d4 Bxf3 14. Bxf3 Qf6 15.
Qe2 O-O-O 16. Nxd5 Qf5 17. Bg4 Rxd5 18. Bxf5+ Rxf5 19. O-O-O cxd4 20. Bxd4 Nxd4
21. Rxd4 Bc5 22. Rc4 Kb8 23. f3 h5 24. Qe4 Rc8 25. Rd1 h4 26. Qxh4 Be3+ 27. Kb1
Bc5 28. a3 Rxf3 29. Qh2+ Ka8 30. Rxc5 Rg8 31. Rcd5 a6 32. Rd8+ Rxd8 33. Rxd8+
Ka7 34. Qg1+ b6 35. Rd7+ Ka8 36. Qg2 Kb8 37. Qxf3 Kc8 38. Qb7# 1-0

[Event "ONJK 2018 C"]
[Site "Borne, Netherlands"]
[Date "2018.08.10"]
[Round "7.15"]
[White "Weidemann, Jakob"]
[Black "Westerhof, Jannes"]
[Result "0-1"]
[WhiteElo "1212"]
[BlackElo "1737"]
[PlyCount "42"]
[EventDate "2018.??.??"]

1. e4 c5 2. Nf3 Nc6 3. d4 cxd4 4. Nxd4 e5 5. Nxc6 bxc6 6. Bc4 Nf6 7. Nc3 Bb7 8.
Bg5 Be7 9. Qe2 O-O 10. O-O-O Nxe4 11. Nxe4 Bxg5+ 12. Nxg5 Qxg5+ 13. Kb1 Rad8
14. g3 c5 15. Bd5 Rb8 16. Qe4 Ba6 17. Bb3 Rfd8 18. Qa4 Qf6 19. Rxd7 c4 20.
Rxd8+ Rxd8 21. Qxa6 Qxa6 0-1

[Event "ONJK 2018 C"]
[Site "Borne, Netherlands"]
[Date "2018.08.10"]
[Round "7.16"]
[White "Hubers, Daan"]
[Black "Li-Behn, Tobias"]
[Result "1-0"]
[WhiteElo "1567"]
[BlackElo "1344"]
[PlyCount "47"]
[EventDate "2018.??.??"]

1. e4 e5 2. Nf3 Nf6 3. Nc3 Nc6 4. Bc4 h6 5. d3 b6 6. Be3 Bb7 7. h3 Bb4 8. Qd2
O-O 9. a3 Be7 10. O-O-O Re8 11. g4 Na5 12. Ba2 d5 13. Nxe5 Bd6 14. f4 Bxe5 15.
fxe5 Rxe5 16. Bf4 Re7 17. g5 hxg5 18. Bxg5 Rd7 19. e5 d4 20. Ne2 Bxh1 21. Bxf6
gxf6 22. Qh6 Be4 23. Rg1+ Bg6 24. Rxg6# 1-0

[Event "ONJK 2018 C"]
[Site "Borne, Netherlands"]
[Date "2018.08.10"]
[Round "7.17"]
[White "Schoonhoven, Mark"]
[Black "De Heij, Mees"]
[Result "0-1"]
[WhiteElo "1284"]
[BlackElo "1516"]
[PlyCount "98"]
[EventDate "2018.??.??"]

1. e4 c5 2. Nf3 Nc6 3. d4 cxd4 4. Nxd4 Nf6 5. Nc3 e5 6. Nf3 Bb4 7. Bd2 d6 8.
Bc4 Bg4 9. h3 Bh5 10. g4 Bg6 11. Nh4 Bxe4 12. Nxe4 Nxe4 13. Bxb4 Nxb4 14. Nf3
O-O 15. a3 Nc6 16. Qe2 Nf6 17. O-O-O Re8 18. Qd3 e4 19. Qb3 Qc7 20. Ng5 Ne5 21.
Bb5 Red8 22. Rhg1 h6 23. f4 Ng6 24. f5 Ne5 25. Ne6 fxe6 26. g5 hxg5 27. fxe6
Qe7 28. Rxg5 Nf3 29. Rg6 Ne5 30. Rg5 Nf3 31. Rg6 Rac8 32. Be2 Ne5 33. Rg5 Rc5
34. Rxg7+ Kxg7 35. Qg3+ Kf8 36. Rg1 Rc7 37. Qh4 Qxe6 38. Qh8+ Ke7 39. Rg7+ Nf7
40. Qh4 Rdc8 41. c3 Rd8 42. Bh5 Rf8 43. Rg4 d5 44. Bxf7 Rxf7 45. Qg5 d4 46. Kc2
dxc3 47. bxc3 e3 48. Rg3 Qa2+ 49. Kd3 Qd2# 0-1

[Event "ONJK 2018 C"]
[Site "Borne, Netherlands"]
[Date "2018.08.10"]
[Round "7.18"]
[White "Krohmer, Eric"]
[Black "Maris, Lauri"]
[Result "1-0"]
[WhiteElo "1210"]
[BlackElo "1510"]
[PlyCount "111"]
[EventDate "2018.??.??"]

1. e4 e5 2. f4 d6 3. Nf3 Nc6 4. Bc4 Be7 5. O-O Nf6 6. Nc3 O-O 7. d3 Bd7 8. Bd2
Na5 9. Bd5 Nxd5 10. Nxd5 Nc6 11. f5 f6 12. Qc1 Rf7 13. Nh4 Nd4 14. Qd1 c6 15.
Nc3 Qb6 16. Be3 Qxb2 17. Bxd4 exd4 18. Ne2 c5 19. Qb1 Qxb1 20. Rfxb1 b6 21. a4
Rff8 22. a5 b5 23. Nf4 Bd8 24. Rb2 b4 25. Nf3 Rb8 26. Nd2 Re8 27. Nc4 Be7 28.
Nd5 Bf8 29. Kf2 Bc6 30. Nc7 Red8 31. Ne6 Rd7 32. g4 Bb5 33. Nd2 Re8 34. Nf4 Bc6
35. Kg3 Kf7 36. h4 Rb7 37. Rh1 Reb8 38. g5 Ba4 39. g6+ hxg6 40. fxg6+ Kg8 41.
h5 b3 42. cxb3 Bxb3 43. Rhb1 Bd5 44. Rxb7 Bxb7 45. a6 Be7 46. axb7 Bd8 47. Nc4
a5 48. Ne6 Be7 49. Nxa5 Bf8 50. Nxf8 Kxf8 51. Nc6 Rxb7 52. Rxb7 Ke8 53. Rxg7
Kf8 54. Ra7 Kg8 55. h6 Kh8 56. Ra8# 1-0

[Event "ONJK 2018 C"]
[Site "Borne, Netherlands"]
[Date "2018.08.10"]
[Round "7.19"]
[White "Wiggers, Finn"]
[Black "Smeets, Kobe"]
[Result "1-0"]
[WhiteElo "802"]
[BlackElo "1437"]
[PlyCount "177"]
[EventDate "2018.??.??"]

1. e4 c5 2. Nf3 d6 3. Bc4 e6 4. Nc3 Nc6 5. O-O Nf6 6. d3 a6 7. a3 b5 8. Ba2 Bb7
9. Be3 Be7 10. Ne2 O-O 11. c3 Rc8 12. Ng3 d5 13. e5 Nd7 14. d4 c4 15. Bb1 Re8
16. Qc2 Nf8 17. Qd2 Na5 18. Bc2 f5 19. exf6 Bxf6 20. Bg5 Bxg5 21. Nxg5 e5 22.
Rfe1 e4 23. Qf4 Qf6 24. Qc1 Ng6 25. f3 e3 26. Nh3 Nf4 27. Nxf4 Qxf4 28. Qb1 h6
29. Bh7+ Kh8 30. Qg6 Qf6 31. Nf5 Qxg6 32. Bxg6 Re6 33. Bh5 g6 34. Bxg6 Rxg6 35.
Ne7 Re6 36. Nxc8 Bxc8 37. Rf1 Nc6 38. f4 Re4 39. f5 Kg7 40. h3 Kf6 41. g4 Nd8
42. Rae1 Nf7 43. Rf3 Ng5 44. Rg3 Rf4 45. Rexe3 Ne4 46. Rgf3 Rxf3 47. Rxf3 Bd7
48. Re3 a5 49. Kg2 a4 50. Kf3 Bc8 51. Kf4 Bd7 52. h4 Bc8 53. Rxe4 dxe4 54. g5+
hxg5+ 55. hxg5+ Kf7 56. Kxe4 Bb7+ 57. Ke5 Bc8 58. d5 Bd7 59. g6+ Kg7 60. f6+
Kf8 61. Kd6 Bf5 62. Kc7 Bxg6 63. d6 Bf5 64. d7 Bxd7 65. Kxd7 Kf7 66. Kc6 Kxf6
67. Kxb5 Ke5 68. Kxc4 Kd6 69. Kb4 Kd5 70. Kxa4 Kc4 71. b4 Kxc3 72. b5 Kc4 73.
b6 Kd5 74. b7 Ke6 75. b8=Q Kd5 76. Qc7 Ke4 77. Qd6 Ke3 78. Qd5 Kf4 79. Qe6 Kf3
80. Qe5 Kg4 81. Qf6 Kg3 82. Qf5 Kg2 83. Qf4 Kh1 84. Qg4 Kh2 85. Kb3 Kh1 86. Kc2
Kh2 87. Kd2 Kh1 88. Ke2 Kh2 89. Kf2 1-0

[Event "ONJK 2018 C"]
[Site "Borne, Netherlands"]
[Date "2018.08.10"]
[Round "7.20"]
[White "Buijnsters, Floris"]
[Black "Nielsen, Philip"]
[Result "1-0"]
[WhiteElo "846"]
[BlackElo "1432"]
[PlyCount "31"]
[EventDate "2018.??.??"]

1. e4 c5 2. Nf3 d6 3. d4 cxd4 4. Nxd4 e5 5. Nf3 Nf6 6. Nc3 Bg4 7. h3 Bh5 8. g4
Bg6 9. Bg5 Be7 10. Bxf6 Bxf6 11. Qd2 Nc6 12. O-O-O Nd4 13. Qd3 Nxf3 14. Qxf3
Qd7 15. Bb5 Bg5+ 16. Kb1 1-0

[Event "ONJK 2018 C"]
[Site "Borne, Netherlands"]
[Date "2018.08.10"]
[Round "8.1"]
[White "Mainka, Alwin"]
[Black "De Vries, Fabian"]
[Result "1-0"]
[WhiteElo "1631"]
[BlackElo "1600"]
[PlyCount "123"]
[EventDate "2018.??.??"]

1. e4 c6 2. d4 d5 3. Nd2 dxe4 4. Nxe4 Nd7 5. Nf3 Ngf6 6. Ng3 e6 7. Be2 Be7 8.
c3 O-O 9. O-O b6 10. Qc2 Bb7 11. Rd1 Qc7 12. Bg5 c5 13. Rd2 cxd4 14. Nxd4 Rfd8
15. Bf3 Bxf3 16. Nxf3 h6 17. Bxf6 Nxf6 18. Rad1 Rxd2 19. Rxd2 Rd8 20. Qd1 Rxd2
21. Qxd2 Qd7 22. Qxd7 Nxd7 23. Nd4 Ne5 24. Kf1 Bc5 25. Nge2 Kf8 26. b4 Bd6 27.
Nc1 Ke7 28. Ke2 Kd7 29. Ncb3 Nc6 30. g3 Nxd4+ 31. Nxd4 e5 32. Nf5 Bf8 33. Kd3
g6 34. Nh4 g5 35. Nf5 Ke6 36. Ke4 h5 37. h3 f6 38. g4 hxg4 39. hxg4 a5 40. a3
axb4 41. axb4 b5 42. Ne3 Bd6 43. Nc2 Kd7 44. Na3 Kc6 45. Kf5 Be7 46. Ke6 Bd8
47. f3 Kb6 48. Nc2 Kc6 49. Ne3 Bb6 50. Nd5 Bd8 51. Nxf6 Bxf6 52. Kxf6 Kd5 53.
Kxg5 Kc4 54. Kf5 Kxc3 55. g5 Kxb4 56. g6 Kc3 57. g7 b4 58. g8=Q b3 59. Qg1 Kc2
60. Qf2+ Kc1 61. Kxe5 b2 62. Qxb2+ 1-0

[Event "ONJK 2018 C"]
[Site "Borne, Netherlands"]
[Date "2018.08.10"]
[Round "8.2"]
[White "Goudriaan, Rafael"]
[Black "De Rycke, Tyani"]
[Result "0-1"]
[WhiteElo "1656"]
[BlackElo "1766"]
[PlyCount "130"]
[EventDate "2018.??.??"]

1. e4 c5 2. Nc3 e6 3. Nf3 Nc6 4. Bc4 Nf6 5. O-O d5 6. exd5 exd5 7. Re1+ Be7 8.
Bb5 O-O 9. d4 a6 10. Bxc6 bxc6 11. Be3 cxd4 12. Bxd4 Bg4 13. Rb1 Nd7 14. b4 Bf6
15. Re3 Bg5 16. Re1 Bf6 17. Re3 Nb6 18. Bxf6 Qxf6 19. Qd4 Nc4 20. Qxf6 gxf6 21.
Rd3 Bxf3 22. Rxf3 Kg7 23. Rb3 Nd2 24. Rg3+ Kh8 25. Rb2 Rfe8 26. f4 Re1+ 27. Kf2
Rae8 28. Rd3 Rf1+ 29. Kg3 Rg8+ 30. Kh3 Nc4 31. Rb1 Rxf4 32. a4 Ne5 33. Rg3 Ng4
34. Kh4 Nxh2+ 35. Kh3 Ng4 36. Ne2 Nf2+ 37. Kh2 Rh4+ 38. Kg1 Rh1+ 39. Kxf2 Rxb1
40. Rc3 Rc8 41. Nf4 Rxb4 42. Nxd5 Rd4 43. Nb6 Rc7 44. Ke3 Rg4 45. Kf3 Rg5 46.
g3 c5 47. Ke4 Re7+ 48. Kf4 Rb7 49. a5 Kg7 50. Rc4 h5 51. Rc3 Re7 52. Nc4 Rd7
53. Rd3 Rg4+ 54. Kf3 Rxd3+ 55. cxd3 Rd4 56. Ke3 Kg6 57. Nb2 Kg5 58. Kf3 Rb4 59.
Nc4 Rb3 60. Ke4 f5+ 61. Kd5 Rb5 62. d4 cxd4+ 63. Kxd4 Kg4 64. Nd6 Rxa5 65. Nxf7
Kxg3 0-1

[Event "ONJK 2018 C"]
[Site "Borne, Netherlands"]
[Date "2018.08.10"]
[Round "8.3"]
[White "De Zoeten, Cato"]
[Black "Labruyere, Roger"]
[Result "1/2-1/2"]
[WhiteElo "1472"]
[BlackElo "1733"]
[PlyCount "138"]
[EventDate "2018.??.??"]

1. Nf3 d5 2. g3 Nf6 3. Bg2 Nc6 4. d4 e6 5. O-O Be7 6. c4 O-O 7. b3 b6 8. Bb2
Na5 9. cxd5 exd5 10. Nc3 h6 11. Rc1 Be6 12. Re1 Nb7 13. Ne5 Bd6 14. e4 dxe4 15.
Nxe4 Nd5 16. Nc3 Bxe5 17. dxe5 c6 18. Nxd5 cxd5 19. Qd4 Qd7 20. Red1 Rfd8 21.
Rc2 Rac8 22. Rxc8 Qxc8 23. Rc1 Qd7 24. b4 Qe7 25. a3 g6 26. Qd2 Kg7 27. Bd4 Qd7
28. f4 Rc8 29. Rf1 Kh7 30. Rd1 Qa4 31. Rc1 Rxc1+ 32. Qxc1 Qd7 33. Bf1 Nd8 34.
b5 Qc8 35. Qxc8 Bxc8 36. Kf2 Ne6 37. Ke3 Kg7 38. a4 Kf8 39. Bc3 Ke7 40. Bb4+
Kd7 41. Bd6 Nc5 42. Bb8 Nxa4 43. Bxa7 Kc7 44. Bg2 Be6 45. Kd4 Kb7 46. Bxd5+
Bxd5 47. Kxd5 Nc3+ 48. Kc4 Ne4 49. Bxb6 Kxb6 50. Kd5 f5 51. e6 Kc7 52. e7 Kd7
53. b6 Nd6 54. e8=Q+ Nxe8 55. b7 Kc7 56. Ke6 Kxb7 57. Kf7 Nd6+ 58. Kxg6 h5 59.
Kxh5 Kc7 60. Kg6 Kd7 61. h3 Ke7 62. g4 fxg4 63. hxg4 Ne4 64. g5 Nd6 65. Kg7
Nf5+ 66. Kh7 Kf7 67. g6+ Kf6 68. g7 Nxg7 69. f5 Nxf5 1/2-1/2